Society in India: (Record no. 17834)

MARC details
000 -LEADER
fixed length control field 01062cam a2200325 4500
001 - CONTROL NUMBER
control field 4545293
003 - CONTROL NUMBER IDENTIFIER
control field BDDh-ASL
005 - DATE AND TIME OF LATEST TRANSACTION
control field 20231015025638.0
008 - FIXED-LENGTH DATA ELEMENTS--GENERAL INFORMATION
fixed length control field 701118s1972 caub b 001 0 eng
010 ## - LIBRARY OF CONGRESS CONTROL NUMBER
LC control number 70099952
020 ## - INTERNATIONAL STANDARD BOOK NUMBER
International Standard Book Number 0520016238
040 ## - CATALOGING SOURCE
Original cataloging agency DLC
Transcribing agency DLC
Modifying agency BDDh-ASL
043 ## - GEOGRAPHIC AREA CODE
Geographic area code a-ii---
050 00 - LIBRARY OF CONGRESS CALL NUMBER
Classification number HN683.5
Item number .M344
082 00 - DEWEY DECIMAL CLASSIFICATION NUMBER
Classification number 306.54
Item number MAS
100 1# - MAIN ENTRY--PERSONAL NAME
Personal name Mandelbaum, David Goodman,
Dates associated with a name 1911-1987.
245 10 - TITLE STATEMENT
Title Society in India:
Remainder of title Volume One- Continuity and Change/
Statement of responsibility, etc. [by] David G. Mandelbaum.
260 ## - PUBLICATION, DISTRIBUTION, ETC.
Place of publication, distribution, etc. Berkeley:
Name of publisher, distributor, etc. University of California Press,
Date of publication, distribution, etc. 1972.
300 ## - PHYSICAL DESCRIPTION
Extent 2 v. (xi, 378, 37, 14 p.):
Other physical details ills., map (on lining papers);
Dimensions 24 cm.
350 ## - PRICE (NR) (BK AM CF MU VM SE) [OBSOLETE]
Price $10.00 per vol.
500 ## - GENERAL NOTE
General note Includes index
504 ## - BIBLIOGRAPHY, ETC. NOTE
Bibliography, etc. note Includes bibliography.
505 0# - FORMATTED CONTENTS NOTE
Formatted contents note v. 1. Continuity and change.--v. 2. Change and continuity.
650 #0 - SUBJECT ADDED ENTRY--TOPICAL TERM
Topical term or geographic name entry element Caste
Geographic subdivision India.
650 #0 - SUBJECT ADDED ENTRY--TOPICAL TERM
Topical term or geographic name entry element Families
Geographic subdivision India.
650 #0 - SUBJECT ADDED ENTRY--TOPICAL TERM
Topical term or geographic name entry element Social mobility
Geographic subdivision India.
651 #0 - SUBJECT ADDED ENTRY--GEOGRAPHIC NAME
Geographic name India
General subdivision Social conditions
Chronological subdivision 1947-
906 ## - LOCAL DATA ELEMENT F, LDF (RLIN)
a 7
b cbc
c orignew
d 2
e ncip
f 19
g y-gencatlg
942 ## - ADDED ENTRY ELEMENTS (KOHA)
Source of classification or shelving scheme Dewey Decimal Classification
Koha item type Books
Holdings
Withdrawn status Lost status Source of classification or shelving scheme Damaged status Not for loan Collection code Home library Current library Shelving location Date acquired Source of acquisition Serial Enumeration / chronology Total Checkouts Full call number Barcode Date last seen Copy number Price effective from Koha item type Public note
    Dewey Decimal Classification   Not For Loan Non-fiction Asiatic Society Library Asiatic Society Library Harrison Collection 09/13/2020 Donated by Prof. John B. Harrison V-1   306.54 MAS 100965 09/13/2020 C-1 09/13/2020 Books RARE

Powered by Koha